000 00622nam a2200217Ia 4500
003 OSt
005 20220928151625.0
006 a|||||r|||| 00| 0
007 ta
008 220927b |||||||| |||| 00| 0 eng d
024 _a129021
037 _cTextual
040 _aSDCL
_cSDCL
_beng
041 _2eng
_aeng
082 _aO-,2J64:g, K6
100 _aMoulton Richard G
_9500808
245 0 _aShakespeare as a dramatic artist
_b A popular illustration of the principles of scientific critiicism.
260 _c1966
942 _hO-,2J64:g, K6
_cTEXL
_2CC
999 _c852181
_d852181